000 01386nam a22002297a 4500
005 20211108162810.0
008 211108b ||||| |||| 00| 0 eng d
020 _a159420103X
040 _cAL
041 _aeng
082 _223
_a956.70443
_bRICF
100 _aThomas E Ricks
_99973
245 _aFIASCO: The American Military Adventure in Iraq
260 _aNew York
_bPenguin Press
_c2006
300 _axiv,482 p.
_bHB
_c24x16 cm.
365 _b27.95
_c$
_d27.95
520 _aFiasco is a masterful reckoning with the planning and execution of the American military invasion and occupation of Iraq through mid-2006, now with a postscript on recent developments. Ricks draws on the exclusive cooperation of an extraordinary number of American personnel, including more than one hundred senior officers, and access to more than 30,000 pages of official documents, many of them never before made public. Tragically, it is an undeniable account—explosive, shocking, and authoritative—of unsurpassed tactical success combined with unsurpassed strategic failure that indicts some of America's most powerful and honored civilian and military leaders.
_uttps://digitalcommons.pepperdine.edu/cgi/viewcontent.cgi?article=1044&context=globaltides
650 _aAmerican History
_99974
650 _aArmy of the Euphrates
_99975
700 _aRICKS (Thomas E)
_99976
942 _2ddc
_cGF
999 _c220453
_d220453